000 01025naa a22002777a 4500
001 BR8704073
003 BR-BrBNA
005 20240918175820.0
007 ta
008 230509b bl.||||| |||| 00| 0 por d
040 _aBR-BrBNA
_bpor
_cBiblioteca Nacional de Agricultura
041 _a(Pt)
072 _aF04
_b1930
_b3840
090 _aF04 BR8704073
100 1 _aPereira, J.P.
111 1 _aEncontro para Discussao sobre Capins do Genero Brachiaria
_cNova Odessa, SP (Brazil)
_d28-29 Aug 1986
245 1 _aAdubacao de capins do genero brachiaria
260 3 _aNova Odessa, SP (Brasil):
_c1986.
500 _aEncontro para discussao sobre capins do genero brachiaria Nova Odessa, SP (Brasil): 1986. p. 96-186 (BR8704073-AM)F04
650 _aCAPIM BRACHIARIA
650 _aADUBACAO
650 _aNUTRIENTE MINERAL
773 0 _tEncontro para discussao sobre capins do genero brachiaria
_wF04 BR8704073
_gNova Odessa, SP (Brasil), 1986. p. 96-186
909 _a202404
_bLucia
_c55
_dLucia Elande
942 _cAM
_2AGRIS
999 _c318261
_d318261